Membership directory and handbook.

Bibliographic Details
Previous Title:American Fisheries Society. Membership directory
Corporate Author: American Fisheries Society
Format: Serial
Language:English
Published: [Bethesda, Md.] : [American Fisheries Society], [1979-]
Subjects:
Online Availability: Check for online availability

MARC

Tag First Indicator Second Indicator Subfields
LEADER 00000cas a22000005a 4500
001 in00000076832
005 20151008054943.0
008 800206d1979uuuumduar 0 a0eng d
010 |a  84651543   |z sn 82020588  
022 0 |a 0736-475X 
035 |a (OCoLC)05958151 
035 |9 AAJ2156AM 
037 |b American Fisheries Society, 5410 Grosvenor Lane, Bethesda, Md. 20014 
040 |a GSU  |c GSU  |d UDI  |d m.c.  |d MUL  |d NST  |d TXA  |d UtOrBLW 
042 |a lc  |a nsdp 
043 |a n-us--- 
049 |a TXAE 
090 |a SH1  |b .A534 
110 2 |a American Fisheries Society. 
210 0 |a Membsh, dir. handb. - Am. Fish. Soc. 
222 0 |a Membership directory and handbook - American Fisheries Society 
245 1 0 |a Membership directory and handbook. 
264 1 |a [Bethesda, Md.] :  |b [American Fisheries Society],  |c [1979-] 
300 |a volumes ;  |c 26 cm. 
310 |a Annual 
336 |a text  |b txt  |2 rdacontent 
337 |a unmediated  |b n  |2 rdamedia 
338 |a volume  |b nc  |2 rdacarrier 
362 0 |a 1979- 
610 2 0 |a American Fisheries Society  |v Directories. 
650 0 |a Fisheries  |z United States  |v Directories. 
650 0 |a Fishery scientists  |z United States  |v Directories. 
650 0 |a Ichthyologists  |z United States  |v Directories. 
780 0 0 |a American Fisheries Society.  |t Membership directory  |w (OCoLC) 1353548 
949 |a updated  |b h  |c 2003/5/9  |e coplinge  |f 4:52:30 pm 
999 |a MARS 
999 f f |s dd106dd6-68bc-3bf6-9d64-de76c9878284  |i cc1c783d-41c9-3520-a2d9-6b2aa8dcd3ec  |t 0 
952 f f |p ric  |a Texas A&M University  |b Rellis Campus  |c Joint Library Facility  |d Remote Storage  |t 0  |e SH1 .A534  |h Library of Congress classification  |i unmediated -- volume  |k 1997/1998  |m A14823660656 
952 f f |p ric  |a Texas A&M University  |b Rellis Campus  |c Joint Library Facility  |d Remote Storage  |t 0  |e SH1 .A534  |h Library of Congress classification  |i unmediated -- volume  |k 1984  |m A14808742742 
952 f f |p ric  |a Texas A&M University  |b Rellis Campus  |c Joint Library Facility  |d Remote Storage  |t 0  |e SH1 .A534  |h Library of Congress classification  |i unmediated -- volume  |k 1991/1992  |m A14816187493 
952 f f |p ric  |a Texas A&M University  |b Rellis Campus  |c Joint Library Facility  |d Remote Storage  |t 0  |e SH1 .A534  |h Library of Congress classification  |i unmediated -- volume  |k 1982  |m A14819334764 
952 f f |p ric  |a Texas A&M University  |b Rellis Campus  |c Joint Library Facility  |d Remote Storage  |t 0  |e SH1 .A534  |h Library of Congress classification  |i unmediated -- volume  |k 1983  |m A14807215726 
952 f f |p ric  |a Texas A&M University  |b Rellis Campus  |c Joint Library Facility  |d Remote Storage  |t 0  |e SH1 .A534  |h Library of Congress classification  |i unmediated -- volume  |k 1987  |m A14811245961 
952 f f |p ric  |a Texas A&M University  |b Rellis Campus  |c Joint Library Facility  |d Remote Storage  |t 0  |e SH1 .A534  |h Library of Congress classification  |i unmediated -- volume  |k 1985  |m A14809264585 
952 f f |p ric  |a Texas A&M University  |b Rellis Campus  |c Joint Library Facility  |d Remote Storage  |t 0  |e SH1 .A534  |h Library of Congress classification  |i unmediated -- volume  |k 1992/1993  |m A14817952401 
952 f f |p ric  |a Texas A&M University  |b Rellis Campus  |c Joint Library Facility  |d Remote Storage  |t 0  |e SH1 .A534  |h Library of Congress classification  |i unmediated -- volume  |k 1996/1997  |m A14822055078 
952 f f |p ric  |a Texas A&M University  |b Rellis Campus  |c Joint Library Facility  |d Remote Storage  |t 0  |e SH1 .A534  |h Library of Congress classification  |i unmediated -- volume  |k 1981  |m A14806470739 
952 f f |p ric  |a Texas A&M University  |b Rellis Campus  |c Joint Library Facility  |d Remote Storage  |t 0  |e SH1 .A534  |h Library of Congress classification  |i unmediated -- volume  |k 1986  |m A14810003918 
952 f f |p ric  |a Texas A&M University  |b Rellis Campus  |c Joint Library Facility  |d Remote Storage  |t 0  |e SH1 .A534  |h Library of Congress classification  |i unmediated -- volume  |k 1989/1990  |m A14812292181 
952 f f |p ric  |a Texas A&M University  |b Rellis Campus  |c Joint Library Facility  |d Remote Storage  |t 0  |e SH1 .A534  |h Library of Congress classification  |i unmediated -- volume  |k 1984  |m A14807903882 
952 f f |p ric  |a Texas A&M University  |b Rellis Campus  |c Joint Library Facility  |d Remote Storage  |t 0  |e SH1 .A534  |h Library of Congress classification  |i unmediated -- volume  |k 1995/1996  |m A14820026544 
952 f f |p ric  |a Texas A&M University  |b Rellis Campus  |c Joint Library Facility  |d Remote Storage  |t 0  |e SH1 .A534  |h Library of Congress classification  |i unmediated -- volume  |k 1979  |m A14819334714 
952 f f |p ric  |a Texas A&M University  |b Rellis Campus  |c Joint Library Facility  |d Remote Storage  |t 0  |e SH1 .A534  |h Library of Congress classification  |i unmediated -- volume  |k 1988/1989  |m A14811289185 
952 f f |p ric  |a Texas A&M University  |b Rellis Campus  |c Joint Library Facility  |d Remote Storage  |t 0  |e SH1 .A534  |h Library of Congress classification  |i unmediated -- volume  |k 1993/1994  |m A14818044536 
998 f f |a SH1 .A534  |s 1995/1996-1997/1998  |t 0  |l Remote Storage